Britain's Got Talent 2025 - What is their talent? - Statistics

General Stats
  • This quiz has been taken 4 times
  • The average score is 13 of 26
Answer Stats
Hint Answer % Correct
Akira covering his private parts with various objects
100%
Red Panda kicking bowls from her foot onto her head while on a unicycle
100%
Heavysaurus rock band
100%
RuMac singer and accordionist
100%
Williams Sanchez eye popper
75%
Papi Bucket playing rubber chickens
75%
Lan Guangping balancing and walking on eggs
50%
The Barjots Dunkers basketball group
50%
Soto cracks nuts by sitting on them
50%
Bella the Seagull pole dancer
50%
Auzzy Blood sideshow act
50%
Kranthi Drillman smashing fruits
50%
The Lazy Generation stunt group
50%
Bao Cuong swallows swords and pulls thing with his eyelids
50%
Fred Liddle thereminist
50%
Stefano Mauriello bubble magician
25%
Max the Robot impressionist
25%
Made In Vietnam laser act
25%
Harshith Aiyannira Ganesh motor vehicle impressionist
25%
Dave Sheriff one man band
25%
David Burlet plate spinner
25%
Victor Tang singer and weighlifter
25%
Jasun Watkins singing an original song about Bruno Tonioli while dressed as a giant chicken
25%
James Paley singing a song about Yorkshire puddings in a costume made of Yorkshire puddings
25%
Dan Baqueiro-Bluchr slide whistle player
25%
Matthew Riddall strongman
25%
No matching quizzes found
Score Distribution
Percent of People with Each Score
Percentile by Number Answered
Your Score History
You have not taken this quiz